00697 2200229 4500001002100000005001500021035002000036007000300056008004100059020002200100082001000122084001600132100003500148245010500183250001400288600002400302264003700326336002100363337001900384338003800403856002600441INLIS00000000000591220260204083423 a0010-0226000118ta260204 0 ind  a978 623 357 082 4 a370.7 a370.7 TIM d0 aTIM SMART EDUCATIONePengarang1 aDIKTAT PASTI TES SELEKSI MASN CPNS 2023/2024 :bSESUAI KISI-KISI PERMENPAN RB /cTIM SMART EDUCATION aCETAKAN 1 4aTIM SMART EDUCATION aYOGYKARTA :bC-KLIK MEDIA,c2023 2rdacontentaTEXT 2rdamediaaBUKU 2rdacarrieraMPK RAK KANAN LAJUR 2 aPERPUSTAKAAN KELILING